[Event "42nd Olympiad Open 2016"]
[Site "Baku AZE"]
[Date "2016.09.13"]
[Round "11.27"]
[White "Pacher, Milan"]
[Black "Kosic, Dragan"]
[Result "0-1"]
[WhiteElo "2499"]
[BlackElo "2517"]
[EventDate "2016.09.02"]
[Board "2"]
[WhiteFideId "14907445"]
[WhiteTeam "Slovakia"]
[BlackFideId "900290"]
[BlackTeam "Montenegro"]

1. d4 Nf6 2. c4 e6 3. Nc3 Bb4 4. e3 c5 5. Ne2 cxd4 6. exd4 d5 7. a3 Be7 8.
cxd5 Nxd5 9. g3 Nxc3 10. bxc3 Qd5 11. Rg1 O-O 12. Nf4 Qa5 13. Bd2 Nc6 14.
Bd3 g6 15. Qf3 Qd8 16. Rd1 Bxa3 17. g4 Be7 18. Nh5 Bg5 19. Bxg5 Qxg5 20.
Nf6+ Kg7 21. Ne4 Qd8 22. g5 e5 23. Qf6+ Qxf6 24. gxf6+ Kg8 25. d5 Nb8 26.
d6 Bf5 27. Rg3 Nd7 28. Nc5 Nxc5 29. Bxf5 Rad8 30. d7 b6 31. Bh3 a5 32. Rg5
e4 33. Rd6 a4 34. Rxb6 Nxd7 35. Ra6 Nb8 36. Rxa4 Rd6 37. Rxe4 Rxf6 38. Rb5
Nc6 39. Rb6 Kg7 40. Bd7 Ne5 41. Rxf6 Kxf6 42. Bb5 Rc8 43. c4 Kf5 44. Re3
Kf4 45. Ra3 Rc7 46. Ke2 h5 47. Ra6 f5 48. Ra4 Rc5 49. Kd2 Ng4 50. Kc3 Nxf2
51. Kd4 Ne4 52. Ra6 Rc8 53. Bc6 g5 54. Bb7 Rd8+ 55. Bd5 g4 56. Ra8 Rxa8 57.
Bxa8 h4 0-1

[Event "42nd Olympiad Open 2016"]
[Site "Baku AZE"]
[Date "2016.09.13"]
[Round "11.28"]
[White "Ladva, Ottomar"]
[Black "Meier, Georg"]
[Result "1/2-1/2"]
[WhiteElo "2501"]
[BlackElo "2654"]
[EventDate "2016.09.02"]
[Board "2"]
[WhiteFideId "4500024"]
[WhiteTeam "Estonia"]
[BlackFideId "4675789"]
[BlackTeam "Germany"]

1. d4 Nf6 2. c4 e6 3. g3 d5 4. Bg2 Bb4+ 5. Nd2 O-O 6. Nf3 b6 7. O-O Bb7 8.
b3 Bc3 9. Rb1 c5 10. Ba3 Ne4 11. dxc5 Bxd2 12. c6 Nxc6 13. Bxf8 Qxf8 14.
Nxd2 Nc3 15. Qc2 Nxb1 16. Qxb1 Rd8 17. Rd1 Nd4 18. Re1 Qb4 19. Qc1 Qe7 20.
e3 Nc6 21. cxd5 Nb4 22. Rd1 Bxd5 23. Bxd5 Rxd5 24. a3 Nd3 25. Qc2 h6 26.
Ne4 Qd8 27. Nc3 Rd7 28. Nb5 Ne5 29. Rc1 Nd3 30. Rd1 Ne5 31. Rc1 Nd3 32. Rd1
Nxf2 33. Rxd7 Qxd7 34. Nxa7 Qxa7 35. Qc8+ Kh7 36. Qc2+ f5 37. Kxf2 Qxa3 38.
h4 Qc5 39. Qd3 Kg6 40. Qd7 Qc2+ 41. Kf3 Qxb3 42. Qe8+ Kh7 43. h5 Qd1+ 44.
Kf2 Qg4 45. Qxe6 b5 46. Qb6 b4 47. Qb5 Qe4 48. Qb6 Qc2+ 49. Kf3 Qd1+ 50.
Kf2 Qd2+ 51. Kf1 Qd5 52. Qg6+ Kh8 53. Qe8+ Qg8 54. Qb5 b3 55. Kf2 Qe6 56.
Qb8+ Kh7 57. Qb5 Qf7 58. Qb6 Qd5 59. Qg6+ Kh8 60. Qe8+ Qg8 61. Qb5 Qf7 62.
Qb8+ Kh7 63. Qb6 Qxh5 64. Qxb3 Qh2+ 65. Kf3 Qg1 66. Qc4 Qh1+ 67. Kf2 Qh2+
68. Kf3 Qg1 69. Qb5 Qh1+ 70. Kf2 Qe4 71. Qa6 Qd5 72. Qc8 Qe5 73. Qc6 Kg8
74. Qd7 Qf6 75. Kf3 Qf7 76. Qd3 Qe6 77. Kf4 g5+ 78. Kf3 Kf7 79. Kf2 Kf6 80.
Qc3+ Kg6 81. Qc2 Qe4 82. Qd1 g4 83. Qd6+ Kh5 84. Qd1 Qc6 85. Kg1 Qf3 86.
Qd6 Qxe3+ 87. Kh2 f4 88. Qd5+ Kg6 89. Qg8+ Kf5 90. Qh7+ Ke5 91. Qg7+ Kd5
92. Qd7+ Kc5 93. Qc8+ Kb5 94. Qf5+ Kb6 95. Qg6+ Kb5 96. Qf5+ Qc5 97. Qxf4
h5 98. Qf1+ Kb4 99. Qb1+ Kc4 100. Qc2+ 1/2-1/2

[Event "42nd Olympiad Open 2016"]
[Site "Baku AZE"]
[Date "2016.09.13"]
[Round "11.37"]
[White "Vandenbussche, Thibaut"]
[Black "Yang, ching Wei, Austin"]
[Result "1-0"]
[WhiteElo "2401"]
[BlackElo "1997"]
[EventDate "2016.09.02"]
[Board "2"]
[WhiteFideId "204412"]
[WhiteTeam "Belgium"]
[BlackFideId "16300440"]
[BlackTeam "Chinese Taipei"]

1. e4 c5 2. Nf3 e6 3. d4 cxd4 4. Nxd4 a6 5. Nc3 Qc7 6. g3 b5 7. Bg2 Bb7 8.
O-O Nf6 9. Re1 d6 10. Nd5 exd5 11. exd5+ Kd8 12. Bg5 Nd7 13. Nc6+ Bxc6 14.
dxc6 Nc5 15. a4 b4 16. Bxf6+ gxf6 17. Qh5 Ra7 18. Re3 Qb6 19. Rae1 Ne6 20.
Bd5 Qc5 21. c3 a5 22. Re4 Re7 23. cxb4 axb4 24. Rc4 Qa5 25. Qf3 Rg8 26.
Bxe6 fxe6 27. c7+ Rxc7 28. Qxf6+ Be7 29. Qxe6 Rf8 30. Rec1 Qa7 31. R1c2 Rf6
32. Rxc7 Qxc7 33. Qe4 Qa5 34. Qc6 Qf5 35. Qa8+ 1-0

[Event "42nd Olympiad Open 2016"]
[Site "Baku AZE"]
[Date "2016.09.13"]
[Round "11.53"]
[White "Sands, David A"]
[Black "Pitirotjirathon, Jirapak"]
[Result "1/2-1/2"]
[WhiteElo "2122"]
[BlackElo "2205"]
[EventDate "2016.09.02"]
[Board "4"]
[WhiteFideId "402060"]
[WhiteTeam "Wales"]
[BlackFideId "6200206"]
[BlackTeam "Thailand"]

1. d4 Nf6 2. c4 e6 3. Nc3 Bb4 4. e3 c5 5. Ne2 O-O 6. a3 Bxc3+ 7. Nxc3 cxd4
8. exd4 d5 9. c5 b6 10. b4 bxc5 11. dxc5 d4 12. Nb5 e5 13. Bc4 Bb7 14. Nd6
Bd5 15. O-O Bxc4 16. Nxc4 Qd5 17. Nd6 Nbd7 18. Re1 a5 19. Rb1 Rfb8 20. Bd2
axb4 21. axb4 Ra2 22. Rc1 e4 23. Rc2 Rba8 24. Nc4 Rxc2 25. Qxc2 Ne5 26.
Nxe5 Qxe5 27. h3 Qd5 28. Rb1 Ra2 29. Rb2 Ra1+ 30. Rb1 Ra2 31. Rb2 Ra1+ 32.
Rb1 Ra2 33. Rb2 1/2-1/2

[Event "42nd Olympiad Open 2016"]
[Site "Baku AZE"]
[Date "2016.09.13"]
[Round "11.63"]
[White "Juarez Flores, Carlos A."]
[Black "Makolli, Perparim"]
[Result "0-1"]
[WhiteElo "2392"]
[BlackElo "2289"]
[EventDate "2016.09.02"]
[Board "2"]
[WhiteFideId "7300018"]
[WhiteTeam "Guatemala"]
[BlackFideId "908630"]
[BlackTeam "Kosovo"]

1. e4 c5 2. Nf3 e6 3. d4 cxd4 4. Nxd4 Nc6 5. Nb5 d6 6. c4 Nf6 7. N1c3 a6 8.
Na3 Be7 9. Be2 O-O 10. O-O Qc7 11. Be3 b6 12. Rc1 Ne5 13. f4 Ng6 14. g3 Bb7
15. Bf3 Nd7 16. Qd2 Rac8 17. h4 Rfe8 18. h5 Ngf8 19. Qf2 Bd8 20. Rcd1 Qb8
21. Rd2 Bc6 22. Nc2 Ba8 23. Rfd1 Be7 24. Na3 Bc6 25. e5 Bxf3 26. Qxf3 d5
27. Ncb1 Bb4 28. Rc2 dxc4 29. Rxc4 Bxa3 30. Nxa3 b5 31. Rxc8 Rxc8 32. Nb1
Rc2 33. Bd4 Rc4 34. Nc3 Nb6 35. Ne4 Qc7 36. h6 g6 37. Nf6+ Kh8 38. Ne8 Qb8
39. Nd6 Rc7 40. f5 gxf5 41. g4 f4 42. Qxf4 Nd5 43. Nxf7+ Kg8 44. Qg5+ Ng6
45. Nd8 Qc8 46. Rf1 Re7 47. Nxe6 Qxe6 48. Bc5 Re8 49. Bd6 Qd7 50. Kh2 Qd8
51. Qxd8 Rxd8 52. Rc1 Ne3 53. Rc6 Nxg4+ 54. Kg3 N4xe5 55. Rxa6 Nf7 56. Bc5
Nxh6 57. Rb6 Nf5+ 58. Kg4 Nd4 59. b4 Rd5 60. Rb8+ Kg7 61. Rb7+ Kh6 62. Kg3
Nf5+ 63. Kg4 Nd4 64. Kg3 Rg5+ 65. Kf2 Rg4 66. Ke3 Nf5+ 67. Kf2 Nd4 68. Ke3
Nc2+ 69. Kd2 Nxb4 70. Be3+ Nf4 71. Rxb5 Rg2+ 72. Kc3 Rg3 73. Kd2 Nd5 74.
Bc5 Rg2+ 75. Ke1 Rxa2 76. Rb7 Nd3+ 0-1

[Event "42nd Olympiad Open 2016"]
[Site "Baku AZE"]
[Date "2016.09.13"]
[Round "11.70"]
[White "Mohamed, Hassan"]
[Black "Mabrouk, Fathi"]
[Result "0-1"]
[WhiteElo "1855"]
[BlackElo "2145"]
[EventDate "2016.09.02"]
[Board "1"]
[WhiteFideId "16700058"]
[WhiteTeam "Maldives"]
[BlackFideId "5500672"]
[BlackTeam "Tunisia"]

1. e4 c5 2. Nf3 e6 3. g3 Nc6 4. Bg2 Nf6 5. Nc3 d6 6. O-O Be7 7. a4 e5 8. d3
h6 9. h3 Be6 10. Kh2 g5 11. Ng1 g4 12. h4 Nh5 13. Nge2 Bxh4 14. gxh4 Qxh4+
15. Kg1 O-O-O 16. Be3 Rdg8 17. Qe1 Nd4 18. Bxd4 cxd4 19. Nd5 Bxd5 20. exd5
f5 21. Ng3 Rg5 22. Qb4 Nxg3 23. fxg3 Qxg3 24. Qxd6 Qe3+ 25. Rf2 g3 26. Qc5+
Kb8 27. Rf1 gxf2+ 28. Rxf2 Rhg8 29. Kf1 Rxg2 0-1

[Event "42nd Olympiad Open 2016"]
[Site "Baku AZE"]
[Date "2016.09.13"]
[Round "11.70"]
[White "Meftahi, Houssem"]
[Black "Ahmed, Ashraf"]
[Result "1-0"]
[WhiteElo "2119"]
[BlackElo "1880"]
[EventDate "2016.09.02"]
[Board "2"]
[WhiteFideId "5501660"]
[WhiteTeam "Tunisia"]
[BlackFideId "16700031"]
[BlackTeam "Maldives"]

1. e4 c5 2. Nf3 d6 3. d4 cxd4 4. Nxd4 Nf6 5. Nc3 e6 6. Bc4 a6 7. Bb3 Be7 8.
Bg5 b5 9. f4 Bb7 10. Qf3 Nbd7 11. Bxe6 fxe6 12. Nxe6 Qa5 13. Nxg7+ Kf7 14.
Nf5 Bxe4 15. Nh6+ Ke8 16. Qe2 Kf8 17. O-O-O Bg6 18. Kb1 b4 19. Nd5 Re8 20.
Qc4 Qc5 21. Qxc5 dxc5 22. Nc7 Bf7 23. Nxe8 Bxe8 24. Rhe1 Ng8 25. Nf5 Bxg5
26. fxg5 h6 27. Ng7 Ne7 28. gxh6 Nf6 29. Rd6 Rxh6 30. Nxe8 Kxe8 31. Rde6
Ng8 32. Rxh6 Nxh6 33. Re6 Nf5 34. Rxa6 Ne3 35. g3 Nf1 36. Rh6 Kf7 37. Rh5
Ke6 38. a4 bxa3 39. bxa3 Nd5 40. Kb2 c4 41. c3 Nd2 42. Rh4 Ke5 43. a4 Ne4
44. a5 Ndxc3 45. a6 Na4+ 46. Kc2 Nb6 47. a7 1-0

[Event "42nd Olympiad Open 2016"]
[Site "Baku AZE"]
[Date "2016.09.13"]
[Round "11.71"]
[White "Li, Hui"]
[Black "Anquandah, Francis Eric"]
[Result "1-0"]
[WhiteElo "1964"]
[BlackElo "1951"]
[EventDate "2016.09.02"]
[Board "1"]
[WhiteFideId "15400310"]
[WhiteTeam "Macau"]
[BlackFideId "12600148"]
[BlackTeam "Ghana"]

1. e4 d5 2. exd5 Qxd5 3. Nc3 Qa5 4. d4 c6 5. Nf3 Bf5 6. Bc4 Nd7 7. O-O e6
8. Qe2 Ngf6 9. Bb3 Bd6 10. Bd2 Qc7 11. h3 O-O 12. Nh4 Bg6 13. Nxg6 hxg6 14.
Rfd1 Rad8 15. Bg5 Bf4 16. Bxf4 Qxf4 17. g3 Qf5 18. Kg2 Rfe8 19. Qd2 Nh7 20.
Qd3 Qa5 21. Ne4 Ndf6 22. Nxf6+ gxf6 23. Qf3 Kg7 24. c3 Rh8 25. h4 Nf8 26.
Rh1 Nd7 27. Rad1 Qc7 28. Qe3 Nb6 29. Qf3 a5 30. h5 Qe7 31. a3 Nd5 32. Rde1
Nc7 33. Qe2 Rhe8 34. Qd2 g5 35. h6+ Kh8 36. Qe2 f5 37. Qe5+ f6 38. Qxa5 Nd5
39. Bxd5 Rxd5 40. Qb4 Qf7 41. Qc4 f4 42. g4 f5 43. Qe2 Kh7 44. f3 fxg4 45.
fxg4 e5 46. Qe4+ Kh8 47. Rhf1 Rd6 48. dxe5 Rxh6 49. Rh1 Re6 50. Qf5 Qe7 51.
Rd1 Rxh1 52. Rxh1+ Kg8 53. Re1 Kg7 54. Qe4 Qe8 55. Qf5 Qe7 56. Qe4 Qe8 57.
Qd4 Qe7 58. Kf3 Kg8 59. Qe4 Kg7 60. Rh1 Kg8 61. Re1 Kg7 62. Qf5 Kg8 63. Kg2
Kg7 64. Kf3 Kg8 65. Rd1 Kg7 66. Re1 Kg8 67. Re2 Kg7 68. Rh2 Kg8 69. Rh5
Rxe5 70. Qc8+ Qe8 71. Qxe8+ Rxe8 72. Rxg5+ Kh7 73. Kxf4 Re2 74. b4 Rc2 75.
Rc5 Ra2 76. Ke5 Rxa3 77. Kd6 Ra8 78. Kc7 Rg8 79. Kxb7 Rxg4 80. Kxc6 Kg7 81.
b5 Kf7 82. b6 Ke7 83. b7 1-0

[Event "42nd Olympiad Open 2016"]
[Site "Baku AZE"]
[Date "2016.09.13"]
[Round "11.78"]
[White "Su, Haifeng"]
[Black "Joang, Molapo"]
[Result "1-0"]
[WhiteElo "1800"]
[BlackElo "1685"]
[EventDate "2016.09.02"]
[Board "3"]
[WhiteFideId "19700202"]
[WhiteTeam "Guyana"]
[BlackFideId "21300380"]
[BlackTeam "Lesotho"]

1. e4 e6 2. d4 d5 3. Nd2 c5 4. dxc5 Bxc5 5. Nb3 Bb6 6. exd5 exd5 7. Bb5+
Nc6 8. Ne2 Bg4 9. O-O Ne7 10. Re1 O-O 11. Bg5 f6 12. Bf4 a6 13. Bxc6 bxc6
14. h3 Bh5 15. c3 c5 16. Qd2 g5 17. Be3 Qd6 18. g4 Bg6 19. Ng3 Rad8 20. Qe2
Ba7 21. Bxc5 Bxc5 22. Nxc5 Qxc5 23. Qxe7 Qb5 24. Qe2 Bd3 25. Qd2 Rd7 26. a4
Qc4 27. b3 Qxb3 28. Qxd3 d4 29. Red1 Rfd8 30. c4 Qb4 31. Nf5 Qc3 32. Qxc3
dxc3 33. Rxd7 Rxd7 34. Rc1 Rc7 35. Rxc3 Rc5 36. Nd6 Kg7 37. Ne4 Rc6 38. c5
Kf7 39. Rb3 Ke6 40. Rb6 Kd5 41. Rxc6 Kxc6 42. f4 gxf4 43. Kf2 Kd5 44. Kf3
h5 45. Kxf4 1-0

[Event "42nd Olympiad Open 2016"]
[Site "Baku AZE"]
[Date "2016.09.13"]
[Round "11.84"]
[White "Alzaim, Talal"]
[Black "Mueller, Oliver"]
[Result "0-1"]
[WhiteElo "2259"]
[BlackElo "2272"]
[EventDate "2016.09.02"]
[Board "4"]
[WhiteFideId "7600402"]
[WhiteTeam "Syria"]
[BlackFideId "4633385"]
[BlackTeam "IBCA"]

1. d4 Nf6 2. c4 e6 3. Nc3 Bb4 4. e3 O-O 5. Ne2 d5 6. a3 Be7 7. cxd5 exd5 8.
g3 c6 9. Bg2 Bf5 10. O-O Nbd7 11. f3 Nb6 12. e4 dxe4 13. fxe4 Bg4 14. h3
Bxe2 15. Nxe2 c5 16. d5 Bd6 17. Bg5 Nbd7 18. Qb3 Qc7 19. Bf4 Rfe8 20. Nc3
a6 21. Rae1 b5 22. Kh2 h5 23. Kh1 h4 24. Bxd6 Qxd6 25. g4 Ne5 26. Qd1 Ng6
27. Qf3 Re5 28. a4 b4 29. Nb1 Re7 30. Nd2 Ne5 31. Qe2 Rc8 32. b3 Rce8 33.
g5 Nfd7 34. Qh5 Ng6 35. Nc4 Qg3 36. Re3 Nf4 37. Rxg3 Nxh5 38. Rg4 Ng3+ 39.
Rxg3 hxg3 40. Nd6 Rf8 41. Rf3 Ne5 42. Rxg3 g6 43. Re3 Rd8 44. Nc4 Nxc4 45.
bxc4 Re5 46. h4 Kg7 47. Kh2 f6 48. gxf6+ Kxf6 49. Kg3 Rb8 50. Rb3 Rh5 51.
Bf3 Rhh8 52. Kf4 Rxh4+ 53. Bg4 g5+ 54. Kg3 Ke5 55. Bf5 Rxe4 56. Bxe4 Kxe4
0-1